000 00360 a2200157 4500
999 _c12889
_d12889
003 OSt
005 20240801162456.0
008 240801b ||||| |||| 00| 0 eng d
020 _a9781350141285
082 _a750
100 _aColston Valerie
245 _a200 Projects to Get You Into Art
260 _bA&C Black
_c2019
300 _a128p;
942 _2ddc